Регионална библиотека "Любен Каравелов" - Русе

Съчинения (Запис номер 164228)

MARC детайли
000 -Лидер
Контролно поле с фиксирана дължина 01214nam a2200301 c 4500
003 - Код на организацията, давaща контролен номер
Контролно поле BLK
005 - Дата и час на последна редакция
Контролно поле 20250201005444.0
008 - Елементи от данни с фиксирана дължина
fixed length control field 180410b bul|||||r ||||||| ||bul||
010 ## - Наследен системен номер
LC control number KNG00171727000
040 ## - Източник на каталожния запис
Идентификатор на билиотеката - собственик на записа BLK
041 ## - Код за език
Код за езика на текст/звукозапис или на отделно заглавие Български
Код за езика КДБФ Български
080 ## - УДК
Текстов определител УДК Българска литература
УДК код - определител по УДК 821.163.2
УДК определител -32
УДК - код + определител 821.163.2-32
139 ## - Редно поле
Редна дума Влайков, Тодор Генчов
Авторски знак Влайков - В 71
245 10 - Сведения за заглавието
Заглавие Съчинения
Подзаглавни данни В 8 т.
Редно поле (дума) Тодор Генчов Влайков; предг. от Георги Константинов.
Том Т. 6
Заглавие на том Преживяното
257 ## - Страна на издаване
Страна на създаване/издаване България
260 ## - Област на издателските данни
Име на издателя, разпространителя и проч. Бълг. писател
Година на издаване 1963 - 1964
Място на издаване, разпространение и проч. София
300 ## - Физическа характеристика
Размери/Мащаб 25 см
380 ## - Жанр
Жанр Худож. лит.
700 ## - Други автори (авторска отговорност)
Лично име Константинов, Георги
Друга информация Христов, Георги Константинов
9 (RLIN) 364908
760 1# - Описание на основната серия
Редна дума на основното описание Влайков, Тодор Генчов
Място на издаване, издател и година 1964
Свързани части Ч. 2. Когато бях момче
Страници - том 338 с., 4 л. : портр.
Заглавие Т. 6 Преживяното
852 ## - Местоположение
Форматна сигнатура Цб 25922
856 4# - Електронен адрес и достъп
Електронен формат pdf - файл
856 4# - Електронен адрес и достъп
Електронен формат pdf - файл
999 ## - СИСТЕМНИ КОНТРОЛНИ НОМЕРА
Koha biblionumber 164228
Koha biblioitemnumber 164228
942 ## - АРТИКУЛИ
Вид на библиотечния материал Книги
Скрит в OPAC Не
Периодичен библиозапис Да
944 ## - СЪЗДАВАНЕ И РЕДАКЦИЯ на ЗАПИСА
Създаване/Редакция Създаване
Дата на регистрацията/редакция 20.02.2015
Служител, извършил регистрацията/редакцията
Статус, дата на статуса CRON CRON
944 ## - СЪЗДАВАНЕ И РЕДАКЦИЯ на ЗАПИСА
Създаване/Редакция Редакция
Дата на регистрацията/редакция 20.02.2015
Служител, извършил регистрацията/редакцията Людмила_Стоянова
999 ## - СИСТЕМНИ КОНТРОЛНИ НОМЕРА
Koha biblioitemnumber 164228
Наличности
Код за отписване Код за изгубен артикул Източник на класификационната схема Код за повреда Коз за рестрикции Код за отдаване Артикулен № Име на библиотеката - собственик Име на библиотеката, в която се намира в момента Статус (Текущо местоположение) Дата на вписване в системата Местоположение - отдел Цена в лева Инвентарен номер Систематично азбучна сигнатура Баркод Номер на екземпляра Цена в евро Служебна бележка Служебен тип на артикула Бележка за публиката
  Не е изгубен Universal Decimal Classification Не е повреден без рестрикции ползва се в читалня 275930 Регионална библиотека "Любен Каравелов" Русе Регионална библиотека "Любен Каравелов" Русе Хранилище 1964-01-01 Хранилище 1.35 9998/64 Цб 25922 900000090644 1 0.69 Дост: Dp Вид: Д N: стар фонд Дата: 01.01.1964 Книги  
Изтеглен Не е изгубен Universal Decimal Classification Не е повреден без рестрикции заемане за дома 275931 Регионална библиотека "Любен Каравелов" Русе Регионална библиотека "Любен Каравелов" Русе Заемна - подръчен фонд 1964-01-01 Заемна - подръчен фонд 1.35 10786/64 П 886.7-8/В 71 10786/64 2 0.69 Вид: Сф N: стар фонд Дата: 01.01.1964 Дата инв: 13.02.2018 Бележки инв: П2018 Книги  
Изтеглен Не е изгубен Universal Decimal Classification Не е повреден без рестрикции заемане за дома 275932 Регионална библиотека "Любен Каравелов" Русе Регионална библиотека "Любен Каравелов" Русе Заемна - подръчен фонд 1964-01-01 Заемна - подръчен фонд 0.00 10785/64 П 886.7-8/В 71 10785/64 3 0.00 Вид: Сф N: стар фонд Дата: 01.01.1964 Книги  
Изтеглен Не е изгубен   Не е повреден без рестрикции заемане за дома 275933 Регионална библиотека "Любен Каравелов" Русе Регионална библиотека "Любен Каравелов" Русе   1964-01-01 Заемна - подръчен фонд 1.35 10784/64 П 886.7-8/В 71 10784/64 4 0.69 Вид: Сф N: стар фонд Дата: 01.01.1964 Книги Отч.N: 12/2018 , Дата: 02.02.2018
Изтеглен Не е изгубен Universal Decimal Classification Не е повреден без рестрикции заемане за дома 275934 Регионална библиотека "Любен Каравелов" Русе Регионална библиотека "Любен Каравелов" Русе Заемна - подръчен фонд 1964-01-01 Заемна - подръчен фонд 0.00 10783/64 П 886.7-8/В 71 10783/64 5 0.00 Вид: Сф N: стар фонд Дата: 01.01.1964 Книги  
Изтеглен Не е изгубен Universal Decimal Classification Не е повреден без рестрикции заемане за дома 275935 Регионална библиотека "Любен Каравелов" Русе Регионална библиотека "Любен Каравелов" Русе Заемна - подръчен фонд 1964-01-01 Заемна - подръчен фонд 0.00 8562/65 П 886.7-8/В 71 8562/65 6 0.00 Вид: Сф N: стар фонд Дата: 01.01.1964 Книги  
Изтеглен Не е изгубен   Не е повреден без рестрикции заемане за дома 275936 Регионална библиотека "Любен Каравелов" Русе Регионална библиотека "Любен Каравелов" Русе   1964-01-01 Детски отдел 1.35 11206/64 ДХ 886.7/В 71 11206/64 7 0.69 Вид: Сф N: стар фонд Дата: 01.01.1964 Дата инв: 31.08.2015 Бележки инв: Д2015 Книги Отч.N: 25/2017 , Дата: 11.08.2017
Vip Innovations Ltd, Rousse, Bulgaria 2025